[Event "Chigorin Memorial Open"]
[Site "St Petersburg RUS"]
[Date "2011.10.22"]
[Round "9.7"]
[White "Kovchan,A"]
[Black "Khalifman,A"]
[Result "1/2-1/2"]
[WhiteElo "2569"]
[BlackElo "2627"]

1.e4 g6 2.d4 Bg7 3.Nc3 d6 4.f4 Nf6 5.Nf3 c5 6.dxc5 Qa5 7.Bd3 Qxc5 8.Qe2 Bg4
9.Be3 Qa5 10.O-O O-O 11.h3 Bxf3 12.Qxf3 Nc6 13.Kh1 Rac8 14.Bd2 Nd7 15.Rab1 a6
16.Be1 Qd8 17.Bh4 Bf6 18.Bxf6 Nxf6 19.Nd5 Nxd5 20.exd5 Nb8 21.Rbe1 Nd7 22.Qe3 Nf6
23.Qxe7 Qxe7 24.Rxe7 b5 25.Ra7 Ra8 26.Rxa8 Rxa8 27.f5 Kg7 28.fxg6 hxg6 29.a4 bxa4
30.Ra1 Rb8 31.Rxa4 Rxb2 32.Rxa6 Nxd5 33.Rxd6 Nb4 34.c3 Nxd3 35.Rxd3 f5 36.Kh2 f4
37.h4 g5 38.Kh3 gxh4 39.Rf3 Rc2 40.Kxh4 Rxg2 41.Rxf4 Rg6 42.Rf5 Rc6 43.Rf3 Rh6+
44.Kg3 Rg6+ 45.Kf2 Rf6 46.Ke3 Rxf3+ 47.Kxf3 Kf7 48.Kf4 Kf6 49.Ke4 Ke6 50.Kd4 Kd6
51.Kc4 Kc6 52.Kd4  1/2-1/2

[Event "XII Puhajarve Handicap"]
[Site "Puhajarve EST"]
[Date "2011.11.25"]
[Round "1"]
[White "Khalifman,A"]
[Black "Lauk,U"]
[Result "0-1"]
[WhiteElo "2632"]
[BlackElo "2394"]

1.d4 d5 2.c4 c6 3.Nf3 Nf6 4.Nc3 e6 5.Bg5 dxc4 6.e4 b5 7.e5 h6 8.Bh4 g5 9.Nxg5 hxg5
10.Bxg5 Nbd7 11.g3 Bb7 12.Bg2 Qb6 13.exf6 O-O-O 14.O-O c5 15.d5 b4 16.Na4 Qa6
17.a3 Bxd5 18.Bxd5 Ne5 19.Nxc5 Bxc5 20.Qe2 Rxd5 21.axb4 Qb7 22.bxc5 Nd3 23.f4 Rxc5
24.b3 Rb5 25.bxc4 Rb2 26.Qf3 Qb6+  0-1

[Event "XII Puhajarve Handicap"]
[Site "Puhajarve EST"]
[Date "2011.11.25"]
[Round "2"]
[White "Soot,M"]
[Black "Khalifman,A"]
[Result "0-1"]
[WhiteElo "2105"]
[BlackElo "2632"]

1.Nf3 d5 2.d4 Nf6 3.g3 Bg4 4.Ne5 Bf5 5.Bg2 c6 6.Nd2 Nbd7 7.O-O e6 8.b3 Bd6
9.Nxd7 Qxd7 10.Bb2 O-O 11.c4 b5 12.c5 Bc7 13.f4 Ne4 14.a4 b4 15.Nf3 f6 16.Qe1 a5
17.h3 h5 18.e3 Rae8 19.Nh2 e5 20.g4 hxg4 21.hxg4 Bxg4 22.Bxe4 dxe4 23.fxe5 fxe5
24.Rxf8+ Rxf8 25.Qg3 exd4 26.Qh4 Bxh2+ 27.Kxh2 dxe3 28.Rg1 Rf2+ 29.Rg2 Rxg2+
30.Kxg2 Qd2+ 31.Kg3 Bf3 32.Qe7 Qxb2  0-1

[Event "XII Puhajarve Handicap"]
[Site "Puhajarve EST"]
[Date "2011.11.25"]
[Round "3"]
[White "Khalifman,A"]
[Black "Schuls,O"]
[Result "1/2-1/2"]
[WhiteElo "2632"]
[BlackElo "2224"]

1.c4 Nf6 2.g3 c5 3.Bg2 Nc6 4.Nc3 g6 5.Nf3 Bg7 6.d4 cxd4 7.Nxd4 O-O 8.O-O Nxd4
9.Qxd4 d6 10.Qd3 a6 11.Bd2 Rb8 12.Rac1 Be6 13.b3 Nd7 14.Rfd1 Nc5 15.Qe3 Qb6
16.Nd5 Bxd5 17.Bxd5 e6 18.Bf3 a5 19.Rb1 Rfd8 20.a3 Qc7 21.b4 axb4 22.axb4 Nd7
23.Rdc1 Ne5 24.Bc3 Nxf3+ 25.exf3 Bxc3 26.Qxc3 Ra8 27.h4 h5 28.c5 dxc5 29.bxc5 Ra6
30.Qb4 Rd7 31.Kg2 Rc6 32.Qb5 Rd5  1/2-1/2

[Event "XII Puhajarve Handicap"]
[Site "Puhajarve EST"]
[Date "2011.11.25"]
[Round "4"]
[White "Porrasmaa,T"]
[Black "Khalifman,A"]
[Result "1/2-1/2"]
[WhiteElo "2129"]
[BlackElo "2632"]

1.c4 e5 2.Nc3 Nf6 3.Nf3 Nc6 4.d4 exd4 5.Nxd4 Bc5 6.e3 O-O 7.Be2 d5 8.O-O Bxd4
9.exd4 dxc4 10.d5 Ne5 11.Qd4 Re8 12.Bg5 h6 13.Bh4 Bf5 14.Rad1 Ng6 15.Bxf6 Qxf6
16.Qxf6 gxf6 17.Bxc4 Ne5 18.Bb5 Red8 19.Rfe1 a6 20.Be2 Kf8 21.f4 Ng6 22.g3 Re8
23.Bf3 Rad8 24.Kf2 Rxe1 25.Kxe1 Ne7 26.Kf2 Nc8 27.g4 Bd7 28.Ne4 Kg7 29.Ng3 f5
30.gxf5 Nd6 31.Rc1 Rc8 32.f6+ Kxf6 33.Ne4+ Ke7 34.Nxd6 cxd6 35.Rxc8 Bxc8
36.Be4 Kd8 37.Ke3 Kc7 38.Kd4 Kb6 39.Kc4 Ka5 40.Bc2 b5+ 41.Kd4 b4 42.a3 bxa3
43.bxa3 Bd7 44.Kc3 Kb6 45.Kd4 Kb5 46.Bd3+ Ka5 47.Bc2 Bb5 48.Kc3 Kb6 49.Kd4 Bd7
50.Bd3 a5 51.Be2 Bb5 52.Bd1 Bf1 53.Bc2 Kb5 54.Bd1 Bh3 55.Bc2 Bd7 56.Bd1 Bf5
57.Bb3 Bd7 58.Ke4  1/2-1/2

[Event "XII Puhajarve Handicap"]
[Site "Puhajarve EST"]
[Date "2011.11.25"]
[Round "7"]
[White "Khalifman,A"]
[Black "Miezis,N"]
[Result "1/2-1/2"]
[WhiteElo "2632"]
[BlackElo "2547"]

1.d4 Nf6 2.c4 e6 3.Nc3 Bb4 4.g3 c5 5.Nf3 O-O 6.Bg2 cxd4 7.Nxd4 d5 8.cxd5 Nxd5
9.Qb3 Qb6 10.Bxd5 exd5 11.Be3 Nc6 12.Nxc6 Bxc3+ 13.Qxc3 Qxc6 14.Qxc6 bxc6
15.Rc1 Bd7 16.Kd2 a5 17.Bd4 a4 18.f3 f6 19.e3 Kf7 20.g4 h5 21.h3 Rh8 22.Ke1  1/2-1/2

[Event "XII Puhajarve Handicap"]
[Site "Puhajarve EST"]
[Date "2011.11.25"]
[Round "12"]
[White "Kulaots,K"]
[Black "Khalifman,A"]
[Result "1/2-1/2"]
[WhiteElo "2577"]
[BlackElo "2632"]

1.e4 e5 2.Nf3 Nc6 3.Bb5 f5 4.d3 fxe4 5.dxe4 Nf6 6.Qd3 Bc5 7.O-O Nd4 8.Nxd4 Bxd4
9.Bc4 Qe7 10.Nd2 d6 11.Nf3 Bb6 12.a4  1/2-1/2

[Event "XII Puhajarve Handicap"]
[Site "Puhajarve EST"]
[Date "2011.11.25"]
[Round "14"]
[White "Vorobjov,P"]
[Black "Khalifman,A"]
[Result "0-1"]
[WhiteElo "2167"]
[BlackElo "2632"]

1.d4 Nf6 2.c4 c5 3.Nf3 cxd4 4.Nxd4 g6 5.g3 Bg7 6.Bg2 Nc6 7.O-O O-O 8.Nc3 Nxd4
9.Qxd4 d6 10.Rd1 Be6 11.Qd3 Ng4 12.b3 Qb6 13.e3 Ne5 14.Qc2 Bg4 15.Rf1 Bf3
16.Bb2 e6 17.Ne4 Qc6 18.Bxe5 Bxg2 19.Bxg7 Bxe4 20.Qb2 e5 21.Bxf8 Bf3 22.h4 Rxf8
23.Kh2 h6 24.c5 Qxc5 25.Rac1 Qd5 26.Qc2 Qe6 27.Qc4 Qf5 28.Rg1 Be4 29.Qe2 Bf3
30.Qc2 Be4 31.g4 Qf3 32.Qd2 Qf6 33.Kh3 Qe6 34.Rg3 h5 35.f3 Bxf3 36.e4 hxg4+
37.Kh2 Kg7 38.Rc7 Rh8 39.Qg5 Rh5 40.Qd8 g5 41.Kg1 gxh4 42.Rg2 Bxg2 43.Re7 Qf6
44.Kxg2 h3+  0-1

[Event "XII Puhajarve Handicap"]
[Site "Puhajarve EST"]
[Date "2011.11.25"]
[Round "17"]
[White "Khalifman,A"]
[Black "Valgmae,Toomas"]
[Result "1-0"]
[WhiteElo "2632"]
[BlackElo "2208"]

1.d4 d5 2.c4 c6 3.Nf3 Nf6 4.Nc3 dxc4 5.a4 Bf5 6.e3 e6 7.Bxc4 Bb4 8.O-O O-O
9.Qe2 Ne4 10.Bd3 Nxc3 11.bxc3 Bxc3 12.Rb1 Bxd3 13.Qxd3 Ba5 14.Rxb7 Bb6 15.Ba3 Re8
16.Ne5 Bc7 17.Qe4 Bxe5 18.dxe5 Qd5 19.Qf4 Nd7 20.Bd6 Red8 21.h4 c5 22.Rfb1 c4
23.Rc7 Rac8 24.Rbb7 Rxc7 25.Rxc7 Qd1+ 26.Kh2 Qxa4 27.Rxc4 Qb5 28.Rc7 a5 29.Qe4 Nf8
30.Qf3 Nd7 31.Rb7 Qd3 32.Qc6 Nf8 33.Qc7 Rd7 34.Rb8  1-0

[Event "XII Puhajarve Handicap"]
[Site "Puhajarve EST"]
[Date "2011.11.25"]
[Round "19"]
[White "Khalifman,A"]
[Black "Sepp,O"]
[Result "1/2-1/2"]
[WhiteElo "2632"]
[BlackElo "2486"]

1.d4 Nf6 2.Nf3 g6 3.c4 Bg7 4.g3 O-O 5.Bg2 d6 6.O-O Nbd7 7.Nc3 e5 8.e4 c6
9.Be3 Ng4 10.Bg5 Qb6 11.h3 exd4 12.Na4 Qa6 13.hxg4 b5 14.Be7 Re8 15.Bxd6 bxa4
16.c5 d3 17.e5 Nxe5 18.Nxe5 Rxe5 19.Bxe5 Bxe5 20.Be4 a3 21.Bxd3 Qa5 22.Qe1 Qxc5
23.Rc1 Qd6  1/2-1/2

[Event "XII Puhajarve Handicap"]
[Site "Puhajarve EST"]
[Date "2011.11.25"]
[Round "24"]
[White "Korchnoi,V"]
[Black "Khalifman,A"]
[Result "0-1"]
[WhiteElo "2567"]
[BlackElo "2632"]

1.d4 d5 2.c4 e6 3.Nc3 c6 4.e3 Nf6 5.Bd3 Nbd7 6.Nge2 Bd6 7.h3 O-O 8.g4 dxc4
9.Bxc4 b5 10.Bd3 Bb7 11.g5 Nd5 12.Ne4 Be7 13.h4 c5 14.dxc5 Nxc5 15.Nxc5 Bxc5
16.Ng3 Nb4 17.Be4 Bxe4 18.Nxe4 Be7 19.Qxd8 Rfxd8 20.Bd2 Nc2+ 21.Ke2 Nxa1
22.Rxa1 Rac8 23.Bc3 b4 24.Bd4 a5 25.f4 Rc2+ 26.Kf3 Kf8 27.Rb1 a4 28.a3 b3
29.Nc3 Bxa3 30.Nxa4 Bb4 31.h5 Rdc8 32.Nc3 Bxc3 33.bxc3 b2 34.c4 Rb8 35.c5 g6
36.hxg6 hxg6 37.Ke4 Ke7 38.Kd3 Rh2 39.Be5 Rb3+ 40.Bc3 Kd7 41.Kc4 Rb7 42.Be5 Kc6
43.Rd1 Rc2+  0-1

[Event "XII Puhajarve Handicap"]
[Site "Puhajarve EST"]
[Date "2011.11.25"]
[Round "27"]
[White "Khalifman,A"]
[Black "Volodin,Alek"]
[Result "1-0"]
[WhiteElo "2632"]
[BlackElo "2495"]

1.Nf3 c5 2.c4 Nc6 3.Nc3 e5 4.e3 d6 5.d4 Nf6 6.d5 Nb8 7.Bd3 g6 8.h3 Bg7 9.e4 Nh5
10.g3 O-O 11.Bg5 f6 12.Be3 Na6 13.Nh4 Nc7 14.Be2 f5 15.Bxh5 gxh5 16.Qxh5 f4
17.Bd2 Qf6 18.gxf4 exf4 19.Rg1 Bxh3 20.Ne2 Rae8 21.Bc3 Re5 22.Bxe5 dxe5 23.Nf3 Bd7
24.Qxe5 Qxe5 25.Nxe5 Be8 26.f3 Kh8 27.Rxg7 Kxg7 28.Nd3 b5 29.b3 bxc4 30.bxc4  1-0

[Event "XXI Paul Keres Memorial Preliminary"]
[Site "Tallinn EST"]
[Date "2012.01.06"]
[Round "1"]
[White "Khalifman,A"]
[Black "Teelem,Lauri"]
[Result "1-0"]
[WhiteElo "2632"]
[BlackElo "2066"]

1.d4 Nf6 2.Nf3 g6 3.c4 Bg7 4.g3 O-O 5.Bg2 d6 6.O-O Bf5 7.Nc3 Ne4 8.Nd5 c6
9.Ne3 Bc8 10.Qc2 f5 11.b3 Nd7 12.Bb2 Qc7 13.d5 Ndf6 14.Rfd1 Bd7 15.Rac1 Rac8
16.dxc6 bxc6 17.Nd2 Nxd2 18.Qxd2 f4 19.Nf1 fxg3 20.hxg3 Ng4 21.Bxg7 Kxg7
22.Qd4+ Kg8 23.c5 d5 24.Bxd5+ cxd5 25.Qxd5+ Rf7 26.Qxd7 Nxf2 27.Qxc7 Rxc7
28.Rd4 e5 29.Rd5 Rce7 30.b4 h5 31.c6 Ng4 32.b5 Rc7 33.a4 Kf8 34.a5 Rf6 35.Rdc5 Ke7
36.b6 axb6 37.axb6 Rc8 38.b7  1-0

[Event "XXI Paul Keres Memorial Preliminary"]
[Site "Tallinn EST"]
[Date "2012.01.06"]
[Round "2"]
[White "Daulyte,D"]
[Black "Khalifman,A"]
[Result "0-1"]
[WhiteElo "2223"]
[BlackElo "2632"]

1.e4 g6 2.d4 Bg7 3.Nc3 d6 4.g3 Nc6 5.Be3 Nf6 6.h3 e5 7.Nge2 d5 8.dxe5 Nxe4
9.Nxd5 Bxe5 10.Bg2 f5 11.c3 Be6 12.Ndf4 Qxd1+ 13.Kxd1 Bc4 14.h4 O-O-O+ 15.Kc2 Rhe8
16.b3 Bxe2 17.Nxe2 Nxg3 18.Nxg3 Bxg3 19.Rae1 Bd6 20.Bxc6 bxc6 21.Bg5 Rxe1
22.Rxe1 Rf8 23.b4 Kd7 24.Be3 a6 25.Kd3 f4 26.Bd4 Rf5 27.a4 Be7 28.Rh1 Rh5
29.Ke4 Rxh4 30.Rxh4 Bxh4 31.Kxf4 Ke6 32.c4 Be7 33.b5 cxb5 34.cxb5 axb5 35.a5 Kd5
36.a6 Kc6 37.Ke5 h5 38.Ke6 Bd6 39.Kf7 h4 40.Ke8 h3 41.Kd8 h2 42.Kc8 h1=Q
43.a7 Qh3+ 44.Kb8 Kd7 45.a8=Q c5+ 46.Kb7 Qf3+  0-1

[Event "XXI Paul Keres Memorial Preliminary"]
[Site "Tallinn EST"]
[Date "2012.01.06"]
[Round "4"]
[White "Fedoseev,Vl3"]
[Black "Khalifman,A"]
[Result "1/2-1/2"]
[WhiteElo "2525"]
[BlackElo "2632"]

1.d4 Nf6 2.c4 e6 3.Nc3 Bb4 4.e3 O-O 5.Ne2 d5 6.a3 Be7 7.cxd5 exd5 8.g3 c6
9.Bg2 a5 10.O-O Na6 11.f3 c5  1/2-1/2

[Event "XXI Paul Keres Memorial Preliminary"]
[Site "Tallinn EST"]
[Date "2012.01.07"]
[Round "6"]
[White "Seeman,T"]
[Black "Khalifman,A"]
[Result "1/2-1/2"]
[WhiteElo "2399"]
[BlackElo "2632"]

1.Nf3 Nf6 2.g3 g6 3.Bg2 Bg7 4.O-O O-O 5.c4 c5 6.Nc3 Nc6 7.d4 cxd4 8.Nxd4 Nxd4
9.Qxd4 d6 10.Qd2 Be6  1/2-1/2

[Event "Vladimir Petrov Mem A 2012"]
[Site "Jurmala LAT"]
[Date "2012.02.17"]
[Round "4.3"]
[White "Khalifman,A"]
[Black "Kurnosov,I"]
[Result "1/2-1/2"]
[WhiteElo "2632"]
[BlackElo "2648"]

1.e4 c5 2.Nf3 d6 3.d4 cxd4 4.Nxd4 Nf6 5.Nc3 e6 6.g4 h6 7.h4 Nc6 8.Rg1 h5
9.gxh5 Nxh5 10.Bg5 Nf6 11.Rg3 a6 12.Nxc6 bxc6 13.e5 dxe5 14.Qe2 Rb8 15.Rd3 Qb6
16.Qxe5 Be7 17.O-O-O Rb7 18.b3 Qc7 19.Qxc7 Rxc7 20.Ne4 O-O 21.Bf4 Nxe4 22.Bxc7 Nxf2
23.Bd6 Bxd6 24.Rxd6 Nxd1 25.Kxd1 Bb7 26.Bg2  1/2-1/2

[Event "13th EICC"]
[Site "Plovdiv BUL"]
[Date "2012.03.20"]
[Round "1.48"]
[White "Khalifman,A"]
[Black "Azaladze,S"]
[Result "1/2-1/2"]
[WhiteElo "2649"]
[BlackElo "2419"]

1.d4 g6 2.c4 Bg7 3.Nf3 Nf6 4.g3 O-O 5.Bg2 d6 6.O-O c6 7.Nc3 Qa5 8.e4 Be6
9.Qd3 Qa6 10.b3 d5 11.Ng5 dxe4 12.Bxe4 Bg4 13.Bg2 h6 14.Nge4 Nbd7 15.Nxf6+ Nxf6
16.Bf4 Rad8 17.Qe3 Qa5 18.Be5 Bc8 19.h3 Nh5 20.d5 Bxe5 21.Qxe5 Nf6 22.Rfe1 cxd5
23.Bxd5 Kg7 24.Kg2 b5 25.Bc6 Rd6 26.cxb5 Rfd8 27.Qc5 Be6 28.b4 Qa3 29.Ne4 Nxe4
30.Rxe4 Qb2 31.Qe5+ Qxe5 32.Rxe5 Rd2 33.a3 Rb2 34.Re3 Rdd2 35.Rf3 Bc4 36.Kg1 e5
37.Re1 f6 38.Rc3 Be6 39.Bh1 Bxh3 40.Rc7+ Rd7 41.Rec1 Kf8 42.Be4 Rb3 43.Rxd7 Bxd7
44.Rc7 Bxb5 45.Rxa7 f5 46.Bd5 Rb1+ 47.Kg2 e4 48.g4 Be2 49.gxf5 Bf3+ 50.Kg3 g5
51.f6 Rg1+ 52.Kh2 Rf1  1/2-1/2

[Event "13th EICC"]
[Site "Plovdiv BUL"]
[Date "2012.03.21"]
[Round "2.87"]
[White "Baratosi,D"]
[Black "Khalifman,A"]
[Result "1/2-1/2"]
[WhiteElo "2407"]
[BlackElo "2649"]

1.e4 g6 2.d4 Bg7 3.Nc3 d6 4.Nf3 Nf6 5.Be2 O-O 6.O-O c6 7.a4 Qc7 8.h3 e5 9.dxe5 dxe5
10.Be3 Nh5 11.Bc4 Nf4 12.Qb1 Qe7 13.Rd1 Nd7 14.Qa2 Qf6 15.Bxf4 exf4 16.Qa3 Ne5
17.Nxe5 Qxe5 18.Rd3 Bf6 19.Qd6 Qxd6 20.Rxd6 Kg7 21.a5 Rb8 22.Bb3 f3 23.Rd3 fxg2
24.Kxg2 Be5 25.Bc4 f5 26.Re1 f4 27.f3 b5 28.axb6 axb6 29.Ra1 Rb7 30.Bb3 Kh6
31.Rad1 b5 32.Rd8 Rxd8 33.Rxd8 Bd7 34.Rf8 Kg5 35.Rf7 h5 36.Ne2 Bc8 37.Rf8 Rb8
38.Nxf4 Bf5 39.exf5 Bxf4 40.fxg6 Rxf8 41.g7 Rd8 42.g8=Q+ Rxg8 43.Bxg8 Be5
44.b3 b4 45.Bf7 h4 46.Kf2 Kf4 47.Be6 c5  1/2-1/2

[Event "13th EICC"]
[Site "Plovdiv BUL"]
[Date "2012.03.23"]
[Round "4.46"]
[White "Zoler,D"]
[Black "Khalifman,A"]
[Result "1/2-1/2"]
[WhiteElo "2541"]
[BlackElo "2649"]

1.d4 Nf6 2.c4 c5 3.d5 b5 4.cxb5 a6 5.f3 axb5 6.e4 Qa5+ 7.Bd2 b4 8.Na3 e6
9.Nc4 Qc7 10.Bg5 Ba6 11.Nh3 Bxc4 12.Bxc4 Bd6 13.Bxf6 gxf6 14.g3 Be5 15.Qd2 b3
16.Bxb3 Qa5 17.Qxa5 Rxa5 18.O-O-O Ke7 19.Kb1 Na6 20.Rd2 Nc7 21.Rhd1 Bd4 22.f4 Nb5
23.e5 Rb8 24.exf6+ Bxf6 25.dxe6 dxe6 26.Rc1 Nd4 27.Bc4 Nf5 28.Nf2 Bd4 29.Nd1 Nd6
30.Bb3 Rb4 31.Rcc2 Ra6 32.Nc3 Bf6 33.Re2 Kf8 34.Rc1 c4 35.Bd1 Kg7 36.Ka1 Bd4
37.a3 Bxc3 38.Rxc3 Nb5 39.Rc1 c3 40.a4 Nd4 41.b3 c2 42.Rcxc2 Nxb3+ 43.Kb1 Rd6
44.Re1 Nc5+ 45.Ka1 Rxa4+ 46.Ra2 Rxa2+ 47.Kxa2 Rd2+ 48.Ka3 Rxh2 49.Re3 Nd7
50.Kb3 Nf6 51.Kc4 h5 52.Kd3 Rg2 53.Be2 Nd5 54.Rf3 Ne7 55.Bf1 Rh2 56.Ke4 Nf5
57.Rd3 h4 58.gxh4 Rxh4 59.Rh3 Rg4 60.Kf3 Rg1 61.Kf2 Rg6 62.Bd3 Kf6 63.Bxf5 Kxf5
64.Kf3 Rg1 65.Rh5+ Kg6 66.Ra5 Kf6 67.Rb5 Rf1+ 68.Ke4 Ra1 69.Rc5 Rd1 70.Ra5 Rd5
71.Ra7 Rb5 72.Ra1 Rb4+ 73.Kf3 Rb3+ 74.Ke4 Kg6 75.Rg1+ Kh5 76.Rh1+ Kg4 77.Rg1+ Kh4
78.Ke5 Rb5+ 79.Ke4 Ra5 80.Rg7 f5+  1/2-1/2

[Event "13th EICC"]
[Site "Plovdiv BUL"]
[Date "2012.03.24"]
[Round "5.42"]
[White "Khalifman,A"]
[Black "Maiorov,N1"]
[Result "1/2-1/2"]
[WhiteElo "2649"]
[BlackElo "2552"]

1.e4 e5 2.Nf3 Nc6 3.d4 exd4 4.Nxd4 Bc5 5.Nxc6 bxc6 6.Bd3 Qh4 7.O-O Nf6 8.Qf3 Qh5
9.Qxh5 Nxh5 10.e5 d5 11.Be2 g6 12.c4 Ba6 13.Nc3 Bb4 14.Bh6 Rg8 15.Rfd1 Bxc3
16.bxc3 Ng7 17.Bxg7 Rxg7 18.Rab1 Rd8 19.Kf1 f6 20.exf6 Rf7 21.Re1 Kd7 22.cxd5 Bxe2+
23.Rxe2 cxd5 24.Rb5 Kc6 25.Ra5 Kb6 26.Ra4 Rxf6 27.Rb2+ Kc5 28.Rxa7 Rc6 29.Ke2 Re8+
30.Kd3 Re1 31.Ra5+ Kd6 32.Rbb5 Ke6 33.Rxd5 Rd1+ 34.Ke4 Re1+ 35.Kd4 Rd1+ 36.Ke4 Re1+
37.Kf4 Rc4+ 38.Rd4 Rxc3 39.Ra6+ c6 40.Ra8 Rg1 41.g3  1/2-1/2

[Event "13th EICC"]
[Site "Plovdiv BUL"]
[Date "2012.03.25"]
[Round "6.40"]
[White "Popovic,Du"]
[Black "Khalifman,A"]
[Result "1/2-1/2"]
[WhiteElo "2561"]
[BlackElo "2649"]

1.e4 e5 2.Nf3 Nc6 3.Bb5 f5 4.d3 fxe4 5.dxe4 Nf6 6.Qd3 Bc5 7.O-O Qe7 8.Nc3 Nd4
9.Bc4 d6 10.Nxd4 Bxd4 11.Nd5 Nxd5 12.Bxd5 c6 13.Bb3 Bd7 14.Be3 Bc5 15.f4 exf4
16.Bxc5 dxc5 17.Rxf4 Qe5 18.Qe3 O-O-O 19.c3 Rhe8 20.Re1 Re7 21.Rf7 Rde8 22.Rxe7 Rxe7
23.Qg3 Qxg3 24.hxg3 Bf5 25.Bc2 Be6 26.a3 Rd7 27.Kf2 Rd2+ 28.Re2 Rxe2+ 29.Kxe2 Kd7
30.Ke3 g5 31.e5 h6 32.Be4 Bd5 33.Bf5+ Ke7 34.Kf2 h5 35.g4 h4 36.Kg1 Bc4 37.Kh2 Bf1
38.Kg1 Bc4 39.Kh2 Bf1 40.Kg1 Bc4 41.Kh2  1/2-1/2

[Event "13th EICC"]
[Site "Plovdiv BUL"]
[Date "2012.03.27"]
[Round "7.51"]
[White "Khalifman,A"]
[Black "Lintchevski,D"]
[Result "1-0"]
[WhiteElo "2649"]
[BlackElo "2564"]

1.d4 d5 2.c4 dxc4 3.e4 Nc6 4.Nf3 Bg4 5.Be3 Bxf3 6.gxf3 e6 7.Nc3 Qf6 8.Qa4 O-O-O
9.O-O-O Bb4 10.f4 Bxc3 11.bxc3 Qg6 12.f3 Qh5 13.Be2 Nf6 14.Qxc4 Na5 15.Qd3 c5
16.Rhg1 c4 17.Qc2 h6 18.Rxg7 Rhg8 19.Rxg8 Rxg8 20.d5 Qxh2 21.dxe6 fxe6 22.Qd2 b6
23.Bf1 Qh5 24.Qd6 Re8 25.Bd4 Nd7 26.f5 exf5 27.e5 Nf8 28.Qd5 Kc7 29.e6 Nc6
30.Be5+ Kb7 31.f4 Qg6 32.Bxc4 Rxe6 33.Qb5 a6 34.Qxa6+  1-0

[Event "13th EICC"]
[Site "Plovdiv BUL"]
[Date "2012.03.28"]
[Round "8.33"]
[White "Ipatov,Alexander"]
[Black "Khalifman,A"]
[Result "0-1"]
[WhiteElo "2561"]
[BlackElo "2649"]

1.d4 d5 2.c4 c6 3.Nf3 Nf6 4.Nbd2 g6 5.e3 Bg7 6.Bd3 O-O 7.O-O Na6 8.Qe2 c5
9.cxd5 Nxd5 10.Bxa6 bxa6 11.dxc5 a5 12.Nc4 Ba6 13.e4 Nb4 14.Be3 Qd3 15.Qxd3 Nxd3
16.Nxa5 Nxb2 17.e5 Bxf1 18.Kxf1 Rac8 19.Ke2 Rfd8 20.Bd4 Na4 21.Rc1 f6 22.Rc4 fxe5
23.Be3 Nb2 24.Re4 Nd1 25.Bd2 Rxc5 26.Nb7 Rxd2+ 27.Kxd2 Rd5+ 28.Kc2 Nxf2 29.Re2 e4
30.Rxf2 Rb5 31.Nd2 e3 32.Re2 exd2 33.Rxe7 Rb2+ 34.Kd1 Bh6  0-1

[Event "13th EICC"]
[Site "Plovdiv BUL"]
[Date "2012.03.31"]
[Round "11.12"]
[White "Akopian,Vl"]
[Black "Khalifman,A"]
[Result "1-0"]
[WhiteElo "2684"]
[BlackElo "2649"]

1.e4 c5 2.Nf3 d6 3.d4 cxd4 4.Nxd4 Nf6 5.Nc3 a6 6.Be3 e6 7.f3 b5 8.Qd2 Nbd7
9.g4 b4 10.Nce2 h6 11.O-O-O Qc7 12.h4 d5 13.Bf4 e5 14.Bh2 dxe4 15.g5 hxg5
16.hxg5 Rxh2 17.Rxh2 exd4 18.Rh4 Ng4 19.Nxd4 Nge5 20.Rxe4 Bb7 21.Ree1 O-O-O
22.f4 Ng6 23.Bh3 Kb8 24.Bxd7 Rxd7 25.Re8+ Ka7 26.Nb5+ axb5 27.Qxd7 Qxf4+
28.Kb1 Qxg5 29.Qc7 Ka6 30.Rxf8  1-0

[Event "Nakhchivan Open 2012"]
[Site "Nakhchivan AZE"]
[Date "2012.04.28"]
[Round "1.2"]
[White "Heydarli,K"]
[Black "Khalifman,A"]
[Result "0-1"]
[WhiteElo "2329"]
[BlackElo "2649"]

1.d4 Nf6 2.Nf3 g6 3.g3 Bg7 4.Bg2 O-O 5.O-O d6 6.c4 Nc6 7.Nc3 a6 8.b3 Rb8
9.Bb2 b5 10.d5 Na5 11.cxb5 axb5 12.Nd4 b4 13.Na4 e6 14.a3 bxa3 15.Bc3 e5
16.Bxa5 exd4 17.Rxa3 Rb5 18.b4 Nxd5 19.Bxd5 Rxd5 20.Qc2 Qe7 21.Bxc7 Bb7 22.Bb6 Rc8
23.Qd3 Qe6 24.Raa1 Re8 25.Rae1 Re5 26.Bxd4 Rd5 27.e3 Bxd4  0-1

[Event "Nakhchivan Open 2012"]
[Site "Nakhchivan AZE"]
[Date "2012.04.30"]
[Round "3.6"]
[White "Azaladze,S"]
[Black "Khalifman,A"]
[Result "1/2-1/2"]
[WhiteElo "2419"]
[BlackElo "2649"]

1.e4 c6 2.d4 d5 3.Nc3 dxe4 4.Nxe4 Nd7 5.Nf3 Ngf6 6.Nxf6+ Nxf6 7.Bc4 Bf5 8.c3 e6
9.Ne5 Nd7 10.Qe2 Nxe5 11.Qxe5 Qd6  1/2-1/2

[Event "Nakhchivan Open 2012"]
[Site "Nakhchivan AZE"]
[Date "2012.05.01"]
[Round "4.6"]
[White "Khalifman,A"]
[Black "Mammadov,Z"]
[Result "1/2-1/2"]
[WhiteElo "2649"]
[BlackElo "2378"]

1.d4 d5 2.c4 c6 3.Nf3 Nf6 4.Nc3 g6 5.cxd5 cxd5 6.Bf4 Nc6 7.e3 Bg7 8.Bb5 O-O
9.O-O Na5 10.Rc1 Bf5 11.Be2 Rc8 12.Ne5 a6 13.Na4 Ne4 14.Rxc8 Qxc8 15.g4 Be6
16.Nd3 g5 17.Bg3 Nc4  1/2-1/2

[Event "Nakhchivan Open 2012"]
[Site "Nakhchivan AZE"]
[Date "2012.05.03"]
[Round "6.7"]
[White "Khalifman,A"]
[Black "Agayev,N"]
[Result "1-0"]
[WhiteElo "2649"]
[BlackElo "2318"]

1.d4 Nf6 2.c4 c5 3.d5 e6 4.Nc3 exd5 5.cxd5 Bd6 6.g3 Bc7 7.d6 Ba5 8.Bg2 h6
9.Nh3 O-O 10.O-O Bxc3 11.bxc3 Nc6 12.e4 Qa5 13.Qc2 Re8 14.f4 b5 15.e5 Nh7
16.Be3 Ba6 17.Bxc6 dxc6 18.Bxc5 Nf8 19.Nf2 Bc8 20.Ne4 Bh3 21.Rfe1 Nd7 22.Qf2 Qa4
23.Bb4 a5 24.Nc5 Nxc5 25.Bxc5 Qc4 26.Qd4 Qxd4+ 27.Bxd4 a4 28.Rad1 Reb8 29.Bc5 Rb7
30.Kf2 Rd7 31.Ke3 Kf8 32.c4 Be6 33.cxb5 cxb5 34.a3 Rc8 35.Rc1 Ke8 36.g4 g6
37.h3 Rb7 38.Ke4 Kd7 39.f5 gxf5+ 40.gxf5 Bc4 41.Bb4 Rbb8 42.Rg1 Bb3 43.e6+ fxe6
44.Rg7+ Kd8 45.Ba5+  1-0

[Event "Nakhchivan Open 2012"]
[Site "Nakhchivan AZE"]
[Date "2012.05.04"]
[Round "7.3"]
[White "Mamedov,Rau"]
[Black "Khalifman,A"]
[Result "1/2-1/2"]
[WhiteElo "2624"]
[BlackElo "2649"]

1.e4 e5 2.Nf3 Nc6 3.d4 exd4 4.Nxd4 Bc5 5.Be3 Qf6 6.c3 Nge7 7.Bc4 Ne5 8.Be2 Qg6
9.O-O d6 10.Kh1 Qxe4 11.Nd2 Qg6 12.Bh5 Qd3 13.Be2 Qg6 14.Bh5 Qd3 15.Be2 Qg6
16.Bh5  1/2-1/2

[Event "Nakhchivan Open 2012"]
[Site "Nakhchivan AZE"]
[Date "2012.05.05"]
[Round "8.4"]
[White "Khalifman,A"]
[Black "Mammadov,A"]
[Result "1/2-1/2"]
[WhiteElo "2649"]
[BlackElo "2404"]

1.d4 d5 2.c4 e6 3.Nf3 c6 4.g3 Nf6 5.Bg2 Be7 6.O-O O-O 7.Nc3 Nbd7 8.b3 b6
9.Bb2 Bb7 10.Nd2 c5 11.cxd5 cxd4 12.Nb5 Bxd5 13.Bxd5 Nxd5 14.Nxd4 Rc8 15.Rc1 Nb8
16.N2f3 Nb4 17.a3 N4c6 18.Nxc6 Nxc6 19.b4 b5 20.Nd4  1/2-1/2

[Event "65th ch-RUS HL"]
[Site "Tyumen RUS"]
[Date "2012.06.16"]
[Round "1"]
[White "Khalifman,A"]
[Black "Petrov,Ar"]
[Result "1/2-1/2"]
[WhiteElo "2651"]
[BlackElo "2414"]

1.Nf3 Nf6 2.c4 e6 3.g3 d5 4.Bg2 Be7 5.O-O O-O 6.d4 dxc4 7.Qa4 a6 8.Qxc4 b5
9.Qc2 Bb7 10.Bd2 Be4 11.Qc1 b4 12.Bf4 Nd5 13.Nbd2 Nxf4 14.gxf4 Bd5 15.Rd1 Nd7
16.Nb3 Qc8 17.Ne5 Nxe5 18.dxe5 c5 19.Na5 Qc7 20.Nc4 Rad8 21.Qc2 Qc6 22.e4 Bxc4
23.Qxc4 Rxd1+ 24.Rxd1 Rd8 25.Rxd8+ Bxd8 26.Bf1 g6 27.Bd3 a5 28.Qb5 Qxb5 29.Bxb5 Bc7
30.a4 f6 31.Bc4 Kf7 32.Kg2 f5 33.exf5 gxf5 34.Kg3 Bd8 35.b3 Be7 36.Be2 Bd8
37.Bc4 Be7 38.Be2 Bd8 39.Bc4 Be7 40.Be2 Bd8  1/2-1/2

[Event "65th ch-RUS HL"]
[Site "Tyumen RUS"]
[Date "2012.06.17"]
[Round "2"]
[White "Panarin,M"]
[Black "Khalifman,A"]
[Result "1/2-1/2"]
[WhiteElo "2538"]
[BlackElo "2651"]

1.e4 e5 2.Nf3 Nc6 3.d4 exd4 4.Nxd4 Bc5 5.Nb3 Bb6 6.Nc3 Nf6 7.Qe2 O-O 8.Be3 Re8
9.f3 d6 10.O-O-O Be6 11.Kb1 Nd7 12.Qf2 Bxe3 13.Qxe3 a6 14.Be2 b5 15.Rhe1 Nb6
16.Qf4 Ne5 17.Bf1 h6 18.Nd4 Qg5 19.Nxe6 fxe6 20.Qg3 Rf8 21.Ne2 Rae8 22.b3 Qxg3
23.hxg3 g5 24.c3 Kf7 25.Nd4 Kg7 26.Be2 Ng6 27.Rh1 Nd7 28.c4 b4 29.Nc6 a5
30.Nxa5 Nge5 31.c5 Nxc5 32.Nc4 Nxc4 33.Bxc4 Ra8 34.Rd4 Ra5 35.Rc1 Kf6 36.Be2 Rfa8
37.Rd2 Ke5 38.Rc4 Rb8 39.Rdd4 Rba8 40.Rd2 Rb8 41.Rdd4 Rba8  1/2-1/2

[Event "65th ch-RUS HL"]
[Site "Tyumen RUS"]
[Date "2012.06.20"]
[Round "5"]
[White "Khalifman,A"]
[Black "Ulanov,A"]
[Result "1-0"]
[WhiteElo "2651"]
[BlackElo "2392"]

1.e4 Nc6 2.Nf3 e6 3.d4 d5 4.Nbd2 Nf6 5.e5 Ne4 6.c3 Nxd2 7.Bxd2 Be7 8.Bd3 b6
9.b4 Nb8 10.O-O O-O 11.Qc2 h6 12.Bf4 Qd7 13.b5 a6 14.a4 c6 15.Qe2 axb5 16.axb5 Rxa1
17.Rxa1 cxb5 18.Bc2 Rd8 19.Qd3 g6 20.Bxh6 b4 21.Ng5 Qe8 22.Qh3 f5 23.exf6 Bxf6
24.Qf3 Bh8 25.h4 e5 26.Ra7 e4 27.Qf4 Bf5 28.Bb3 Qc6 29.Nf7  1-0